000 00726cam a22002411 4500
001 2638772
003 OSt
005 20140310182047.0
008 790713s1959 nju 000 0 eng
010 _a 59014147
020 _a0449215199
040 _aDLC
_cDLC
_dDLC
050 0 0 _aBV 4908.5
_b.P358 1993
082 0 0 _aHS 248
_bP32 1959
100 1 _aPeale, Norman Vincent
_d1898-1993.
_911735
245 1 4 _aThe amazing results of positive thinking /
_cNorman Vincent Peale.
260 _aNew York :
_bRandom House,
_cc1993.
300 _a223 p. :
_c18 cm.
650 0 _aPeace of mind
_xReligious aspects
_xChristianity.
_911736
906 _a7
_bcbc
_corignew
_du
_eocip
_f19
_gy-gencatlg
942 _2lcc
_cHS
999 _c8901
_d8901